La flagrancia: concepto y tipo procesal. Extensión del concepto. Procesos sumarios. Desafíos constitucionales. Analogía. Legitimación de injerencias. Provocación del ílicito. Jurisprudencia comparada
Gardado en:
| Autor Principal: | |
|---|---|
| Formato: | Libro |
| Idioma: | inglés Lingua castelá |
| Publicado: |
Buenos Aires, Argentina
Hammurabi
2017
|
| Subjects: | |
| Tags: |
Engadir etiqueta
Sen Etiquetas, Sexa o primeiro en etiquetar este rexistro!
|
MARC
| LEADER | 00000nam a22000007a 4500 | ||
|---|---|---|---|
| 003 | CL-VaPUC | ||
| 005 | 20220831074515.0 | ||
| 008 | 200120b ||||| |||| 00| 0 eng d | ||
| 999 | |c 377555 |d 377553 | ||
| 020 | |a 9789507418181 | ||
| 040 | |c Pontificia Universidad Católica de Valparaíso | ||
| 041 | 0 | |a spa | |
| 082 | |a 345.8245 YAC 2017 | ||
| 100 | 1 | |a Yacobuci, Guillermo J |9 609638 | |
| 245 | 1 | 3 | |a La flagrancia: |b concepto y tipo procesal. Extensión del concepto. Procesos sumarios. Desafíos constitucionales. Analogía. Legitimación de injerencias. Provocación del ílicito. Jurisprudencia comparada |
| 260 | 3 | |a Buenos Aires, Argentina |b Hammurabi |c 2017 | |
| 300 | |a 186 páginas | ||
| 505 | 0 | |a Capítulo I. El significado de la flagrancia. Capítulo II. Finalidades de la noción y del tipo procesal de flagrancia. Capítulo III. Funcionalidad del tipo de flagrancia. Capítulo IV. Los aspectos subjetivos en la configuración de la situación de flagrancia. Capítulo V. Flagrancia y conductas neutrales. Capítulo VI. La estructura compleja del tipo de flagrancia. Capítulo VII. Comportamiento flagrante y privacidad. Capítulo VIII. Los tres supuestos de flagrancia. Capítulo IX. La flagrancia frente a los estándares de injerencia legítima o delito presunto. Capítulo X. Provocación y flagrancia. Capítulo XI. Flagrancia omisiva. Capítulo XII. Flagrancia e intimida. Apéndice. La interpretación jurisdiccional del tipo de flagrancia. | |
| 583 | |c 20200120 |k Daniel Castañeda | ||
| 650 | 0 | 0 | |a Derecho procesal penal |9 256392 |
| 650 | 0 | 0 | |a Reforma procesal penal |9 471095 |
| 650 | 0 | 0 | |a Delitos |9 224143 |
| 650 | 0 | 0 | |a FLAGRANCIA |9 523788 |
| 942 | |2 ddc |c BK | ||
| 952 | |0 0 |1 0 |2 ddc |4 0 |6 345_824500000000000_YAC_2017 |7 0 |9 497534 |a BIBDER |b BIBDER |d 2020-01-20 |i 561385K |o 345.8245 YAC 2017 |p 561385K |r 2023-01-25 |t 1 |w 2020-01-20 |y BK |k DER | ||